Dankest Memes Ever - Statistics

General Stats
  • This quiz has been taken 667 times
  • The average score is 10 of 20
Answer Stats
Hint Answer % Correct
15 whats 9+10 21
87%
6 Gorilla That Got Killed harambe
86%
5 I play _________ Go every day pokemon
84%
3 He Needs Some milk
82%
4 We Need To Build A wall
73%
2 All Around Me Are familiar faces
70%
10 i said whoever threw that paper your mums a ___ hoe
67%
20 my name is____ jeff
65%
8 Jesus Christ Its jason bourne
55%
16 i dont care that you broke your elbow
52%
9 Fre-Sha-voca-du = fresh avocado
52%
12 im getting really ____ of you sick
40%
7 Kid plays mental choooons on his _________ (he has a bowl cut) kazoo
36%
19 buzz we missed the truck *because* we're not aiming for the truck
33%
17 watch your _____________ profanity
29%
1 The guy that says Ha Got Eeeeeeeeem deez nutz
23%
18 mothertrucker due that hurt like a ________ on a stick butcheek
21%
14 yeaaaaaaahhhhhhhhhhhhhhhhh boiiiiiiiiiiiiiiiiiiiiiiiiiiii
19%
13 roses are red violets are blue tesco home brand chicken curry_________ review
4%
11 stop it _______ *gets punched in the face* immediatly
1%
No matching quizzes found
Score Distribution
Percent of People with Each Score
Percentile by Number Answered
Your Score History
You have not taken this quiz